00395 2200157 4500245005000000020002200050250001000072100001200082700001600094005001900110260005700129041001400186084001000200300001800210336000900228 aPetualangan Di Pulau PenyengatcRuzianahText a978-602-6477-42-2 aCet.1 aRuziana aInnerChilld a20240926105148 aJakartabKementerian Pendidikan dan Kebudayaanc2019 aIndonesia a741.5 a49 hlm :cpdf atext